000 00762nam a2200193Ii 4500
003 JO-AjNU
008 230605s9999||||xx |||||||||||||| ||und||
040 _aJO-AjNU
_bara
_erda
_cJO-AjNU
041 _aara
050 1 4 _aLB2805 2001
100 3 _aتعريب الخطيب، محمد بن شحات,
_eauthor
_957691
245 0 0 _aادارة الوقت المدرسي: تعريب مدارس الملك فيصل بمناسبة مرور 10 سنوات على تأسيس مدارس الملك فيصل
250 _aط1
264 3 1 _aالسعودية:مدرسة الملك فيصل، 2001
336 _atext
_btxt
_2rdacontent
337 _aunmediated
_bn
_2rdamedia
338 _avolume
_bnc
_2rdacarrier
650 4 _aالمدارس-ادارة الوقت -
_957692
999 _aA25868
_c29436
_d29436